000
00211nam a22000857a 4500
008
161213b xxu||||| |||| 00| 0 eng d
100
_9
2009
_a
Bhatia.K.
245
_a
Expression in art-7
260
_a
New Delhi
_b
N.P
_c
2009
999
_c
4874
_d
4874